Canciones españolas de instrumentos [ (Record no. 39595)
[ view plain ]
| 000 -LEADER | |
|---|---|
| campo de control de longitud fija | 01239nam a2200265 i 4500 |
| 001 - NÚMERO DE CONTROL | |
| campo de control | 39595 |
| 003 - IDENTIFICADOR DE NÚMERO DE CONTROL | |
| campo de control | ES-MaACL |
| 005 - FECHA Y HORA DE LA ÚLTIMA TRANSACCIÓN | |
| campo de control | 20250928093945.0 |
| 007 - CAMPO FIJO DE DESCRIPCIÓN FÍSICA--INFORMACIÓN GENERAL | |
| campo de control de longitud fija | t| |
| 008 - DATOS DE LONGITUD FIJA--INFORMACIÓN GENERAL | |
| campo de control de longitud fija | 030303s1945 sp g |||| | spa d |
| 100 1# - ENTRADA PRINCIPAL--NOMBRE DE PERSONA | |
| Nombre de persona | Thomàs Sabater, Joan Maria. |
| 9 (RLIN) | 110056 |
| 245 10 - MENCIÓN DEL TÍTULO | |
| Título | Canciones españolas de instrumentos [ |
| Medio | Música impresa] : |
| Resto del título | para voz y piano / |
| Mención de responsabilidad, etc. | Juan María Thomas. |
| 260 ## - PUBLICACIÓN, DISTRIBUCIÓN, ETC. | |
| Lugar de publicación, distribución, etc. | Palma de Mallorca : |
| Nombre del editor, distribuidor, etc. | Capella Classica, |
| Fecha de publicación, distribución, etc. | [1945] |
| 300 ## - DESCRIPCIÓN FÍSICA | |
| Extensión | 1 partitura (36, [2] p.) ; |
| Dimensiones | 30 cm. |
| 505 8# - NOTA DE CONTENIDO CON FORMATO | |
| Nota de contenido con formato | Contiene: 1. Guitarra / poesía de Lope de Vega . 2. Arpa / poesía de Jorge Manrique . 3. Trompetas y atabales / poesía de Gómez Manrique . 4. Clavicémbalo / poesía del Cancionero de Sablonara . 5. Gaita / poesía de Lope de Vega . 6. Flauta y vihuela / poesía de Garcilaso de la Vega . 7. Nazardos de Realejo / poesía del Cancionero de Sablonara |
| 630 04 - PUNTO DE ACCESO ADICIONAL DE MATERIA--TÍTULO UNIFORME | |
| Título uniforme | Cancionero de Sablonara. |
| 9 (RLIN) | 119660 |
| 650 #4 - PUNTO DE ACCESO ADICIONAL DE MATERIA--TÉRMINO DE MATERIA | |
| Término de materia o nombre geográfico como elemento de entrada | Canciones con piano. |
| 9 (RLIN) | 141417 |
| 700 ## - ENTRADA AGREGADA--NOMBRE PERSONAL | |
| Nombre de persona | Manrique, Jorge, |
| Fechas asociadas al nombre | 1440?-1479 |
| 9 (RLIN) | 178074 |
| 700 1# - ENTRADA AGREGADA--NOMBRE PERSONAL | |
| Nombre de persona | Manrique, Gómez. |
| 9 (RLIN) | 76097 |
| 700 1# - ENTRADA AGREGADA--NOMBRE PERSONAL | |
| Nombre de persona | Vega, Lope de, |
| Fechas asociadas al nombre | 1562-1635 |
| 9 (RLIN) | 113563 |
| 700 0# - ENTRADA AGREGADA--NOMBRE PERSONAL | |
| Nombre de persona | Garcilaso de la Vega, |
| Fechas asociadas al nombre | 1501-1536 |
| 9 (RLIN) | 55471 |
| 852 ## - LOCALIZACIÓN | |
| Ubicación | ES-MaACL |
| Número de control de estantería | 2063-F-11 |
| 942 ## - ELEMENTOS DE ENTRADA SECUNDARIOS (KOHA) | |
| Fuente del sistema de clasificación o colocación | Clasificación decimal universal |
| Estatus retirado | Estado de pérdida | Fuente del sistema de clasificación o colocación | Estado de daño | No para préstamo | Colección | Biblioteca de origen | Biblioteca actual | Ubicación en estantería | Fecha de adquisición | Total de préstamos | Signatura topográfica completa | Código de barras | Visto por última vez | Precio de reemplazo | Tipo de ítem Koha |
|---|---|---|---|---|---|---|---|---|---|---|---|---|---|---|---|
| Clasificación decimal universal | Colección de folletos | Biblioteca del Ateneo de Madrid | Biblioteca del Ateneo de Madrid | Depósito folletos | 17/01/2008 | 2063-F-11 | 1041700 | 23/02/2023 | 23/02/2023 | Folleto |
